000 04186nam0a2200409 4500
001 RU\NLR\BIBL_A\022017083
005 20231108174519.0
010 _a978-5-6049871-2-4
_950
021 _aRU
_bКН-П-23-048444
_9КН-П-23-4852
035 _a(NLR Aleph) 022017083
035 _a(RuMoRGB)011988245
090 _a12500795
_c12500795
100 _a20230901d2023 k y0rusy50 ca
101 0 _aeng
102 _aRU
105 _aа z 100zy
181 0 _ai
_baxxe
182 0 _an
200 1 _aТьюторское сопровождение в системе общего, дополнительного и профессионального образования
_eV Всероссийская научно-практическая конференция с международным участием (Челябинск, 15-25 февраля 2023 года)
_fМинистерство просвещения Российской Федерации, Южно-Уральский государственный гуманитарно-педагогический университет, Дворец пионеров и школьников имени Н. К. Крупской г. Челябинска, Академический лицей N 95 г. Челябинска
_gпод редакцией В. М. Кирсанова [и др.]
203 _aТекст
_bвизуальный
_cнепосредственный
210 _aЧелябинск
_cКрай Ра
_d2023
215 _a380, [1] с.
_d21
300 _aРез. докл. англ.
320 _aБиблиогр. в конце докл.
330 _aВ сборнике представлены материалы выступлений участников V Всероссийской научно-практической конференции с международным участием "Тьюторское сопровождение в системе общего, дополнительного и профессионального образования". В статьях рассматриваются условия и технологии реализации тьюторского сопровождения в системе общего, дополнительного и профессионального образования, раскрываются этапы, принципы и механизмы организации деятельности тьютора, рассматриваются вопросы формирования профессионально значимых качеств педагогов-тьюторов, имеющих наиболее важное значение для эффективной профессионально-педагогической деятельности и успешной реализации тьюторского сопровождения обучающихся. Представлен опыт работы тьюторов из различных регионов России, ближнего и дальнего зарубежья
606 1 _aТьюторская система обучения
_jСъезды, совещания и т.п
_2nlr_sh1
_2nlr_sh2
_3RU\NLR\AUTH\66371129
675 _a37.013.42(082)
_v4
686 1 _aЧ481.2я431
686 1 _aЧ421.2я431
702 1 _aКирсанов
_bВ. М.
_gВячеслав Михайлович
_4340
711 1 2 _a"Тьюторское сопровождение в системе общего, дополнительного и профессионального образования", всероссийская научно-практическая конференция с международным участием
_d5
_f2023
_eЧелябинск
_3RU\NLR\AUTH\880597308
712 0 2 _aЮжно-Уральский государственный гуманитарно-педагогический университет
_cЧелябинск
_3RU\NLR\AUTH\880435945
_4570
942 _cBOOK
980 _aNB